000 00556nam a2200157 a 4500
001 000034987
005 20200930074029.0
008 111024s1974 xxu 000 0 spa d
040 _aDO-SdBNP
_bspa
_cBNPHU
082 _axxxx
_bB261g
100 1 _aBarnet, Richard J.
_959974
245 1 0 _aGlobal reach :
_bthe power of the multinational corporations /
_cRichard J. Barnet, Ronald E. Müller.
260 _aNew York :
_bSimon and Schuster,
_c1974.
300 _a508 p. ;
_c24 cm.
590 _aPerteneció a la biblioteca personal de Juan Isidro Jimenes Grullón
999 _c34478
_d34478